| 000 | 00610nam a2200193Ia 4500 | ||
|---|---|---|---|
| 003 | GCL | ||
| 008 | 140319s9999 xx 000 0 ara d | ||
| 040 |
_aGCL / _cGCL |
||
| 082 | 0 | 4 |
_aم _b443.1 _bش ق |
| 100 | 1 | _aشريونو، اوغست | |
| 245 | 1 | 0 |
_aقاموس عربى- افرنسى(اللغة الكتابية) / _cشريونو، اوغست |
| 260 |
_a[S.N] : _bمكتبة لبنان ، _c1973 |
||
| 300 | _a599 ص | ||
| 490 |
_aالاعمال الروائية _v0 |
||
| 650 | 0 | 4 | _aاللغة الفرنسية |
| 650 | 0 | 4 | _aاللغة العربية |
| 650 | 0 | 4 | _aالمعاجم |
| 942 |
_2ddc _cREF |
||
| 999 |
_c59593 _d59593 |
||